Đất ngập nước Đồng bằng sông Cửu Long : Những vấn đề cơ sở và ứng dụng

Nội dung tài liệu trình bày những vấn đề cơ bản liên quan đến các hệ sinh thái ven biển nội địa, các đặc điểm môi trường đất, nước, thích nghi sinh vật, diễn thế của các thực vật trong những loại hình đất ngập nước, lượng hoá vật...

Full description

Saved in:
Bibliographic Details
Main Author: Trương, Thị Nga
Format: Book
Language:Undetermined
Published: Cần Thơ Nxb. Đại học Cần Thơ 2016
Subjects:
Tags: Add Tag
No Tags, Be the first to tag this record!
Institutions: Trung tâm Học liệu Trường Đại học Cần Thơ
LEADER 01644nam a2200253Ia 4500
001 CTU_206791
008 210402s9999 xx 000 0 und d
020 |c 89000 
082 |a 333.91 
082 |b Ng100 
100 |a Trương, Thị Nga 
245 0 |a Đất ngập nước Đồng bằng sông Cửu Long : 
245 0 |b Những vấn đề cơ sở và ứng dụng 
245 0 |c Trương Thị Nga chủ biên 
260 |a Cần Thơ 
260 |b Nxb. Đại học Cần Thơ 
260 |c 2016 
520 |a Nội dung tài liệu trình bày những vấn đề cơ bản liên quan đến các hệ sinh thái ven biển nội địa, các đặc điểm môi trường đất, nước, thích nghi sinh vật, diễn thế của các thực vật trong những loại hình đất ngập nước, lượng hoá vật rụng, sự phân huỷ và một số động vật có vai trò trong chu trình dinh dưỡng, các quần xã sinh vật. Đa dạng sinh học của các dạng sinh thái khác nhau ở Đồng bằng sông Cửu Long 
526 |a Thực vật chỉ thị môi trường đất,Sinh thái đất,Thực vật xử lý ô nhiễm đất,Sinh thái đất ngập nước,Sinh thái đất ngập nước 
526 |b MT917,MT911,MT916,MT601,MT601 
650 |a Hydromorphic soils,Đất ngập nước 
904 |i Tuyến 
910 |a Nguyên 
980 |a Trung tâm Học liệu Trường Đại học Cần Thơ